[Event "Høstturneringen 2015"]
[Site "Ås, Akershus NOR"]
[Date "2015.10.01"]
[Round "4"]
[White "Lea, Per"]
[Black "Furnes, Torstein"]
[Result "1/2-1/2"]
[WhiteElo "1564"]
[BlackElo "1629"]
[Annotator "Lea, Per"]
[PlyCount "89"]
[EventDate "2015.09.03"]

1. e4 c5 2. Nf3 Nc6 3. d4 cxd4 4. Nxd4 e5 {Torsteins spesialvariant. Mange
sicilianskeksperter liker ikke den etterhengende d-bonden, men det blir ganske
morsomme stillinger i disse partiene.} 5. Nb5 d6 6. N1c3 a6 7. Na3 b5 8. Nd5
Nf6 9. Bg5 Be7 10. Bxf6 ({Forste gang jeg spilte denne varianten trodde jeg at
det måtte være bedre å beholde løperparet. men spesialistene er ikke enige: å
få plantet en springer på d5 kan være bedre enn løperparet.} 10. Nxe7) 10...
Bxf6 11. c3 Ne7 ({Tidligere pleide Torstein å spille} 11... Bg5 {men etter å
ha sett Giri - Carlsen (Sinquefield Cup 2015) har Torstein spilt dette en gang
tidligere mot meg. Riktig nok "bare" et hurtigsjakkparti, hvor svart gjorde en
tidsnødsfeil i et remissluttspill. Etter litt leting i egne arkiver, fant jeg
ut at jeg fått varianten mot meg en gang tidligere: mot Hallvard Voll Ådnøy 
(2173!), høstturneringa 2004. Mot så sterk motstand ble det selvsagt tap, men
bare takket være en stygg tårnbukk i en stilling hvor svart bare hadde en
ørliten fordel.}) 12. Nxf6+ ({Giri spilte} 12. Nc2 {og partiet ble remis etter
31 trekk. Hvorfor ikke hvit skal benytte anledningen til å ødelegge alle
svarts rokadeplaner for evig tid, skjønner jeg ikke, og ikke skjønner jeg
hvorfor ikke også Giri benyttet den muligheten, og heller ikke skjønner jeg
hvorfor Magnus var villig til å gi fra seg muligheten til en sunn rokade. Men
der ligger vel også forskjellen på verdenseliten og en stakkars Follofant.})
12... gxf6 13. Nc2 Bb7 14. Bd3 d5 {Så lett er det altså å bli kvitt den
etterhengende d-bonden i denne varianten. I skremmende mange av våre partier
har svart fått et overveldende bondesentrum.} 15. exd5 Qxd5 {Dronninga står
sentralt, og det truer slag på g2 - kort rokade av hvit ville jo vært festlig
her. Men d5 er ikke noe blivende sted for madamen.} 16. Ne3 Qe6 17. Qg4 (17. a4
{var nok en bedre plan. Etter teksttrekket tipper pila plutselig - om enn
svakt - til svarts side.} Rd8 18. Qc2 ({Ikke} 18. axb5 e4 19. Qg4 Rxd3 20. Qxe6
fxe6 21. bxa6 Bc6 {og selv om hvit har 3 sammenhengende fribonder for løperen,
så bør nok svart ro dette i land})) 17... e4 18. Bc2 f5 19. Qf4 Rg8 20. Bb3 {
Nå begynner hvit å få noe som kan minne om en fordel} Qg6 21. O-O-O Rc8 22. Rd6
(22. h4 Qf6 (22... Qh5 23. Qe5 Qg6 24. Rd6 $18) (22... b4 23. Rd6 Qh5 (23...
Qg7 24. Nxf5 Qg4 25. Bxf7+ Kf8 26. Qh6+ Rg7 (26... Kxf7 $4 27. Qf6+ Ke8 28.
Qxe7#) 27. Nxe7 $18) 24. Bd1 Ng6 25. Re6+ fxe6 26. Bxh5 bxc3 27. bxc3 Rxc3+ 28.
Kb2 Rc8 29. Rd1 $18) 23. Rd6 Ng6 24. Qxf5 Qxf5 25. Nxf5 Ne7 26. Ng3 $16) 22...
Qg5 23. Qxg5 Rxg5 24. Rf6 Rg7 25. Kb1 $2 {Her var jeg så redd for
bondeframstotet i b-linja at jeg feiget ut} ({Konsekvent var å beholde
initiativet med} 25. Rd1 {men jeg så aldri at} b4 {møtes med} 26. Nc4 {Jeg
trodde at det eneste spillbare var å sette bonden på c4, og da blokkeres
løperdiagonalen for lang tid framover. Jeg var også redd for at svart kunne få
aktivit motspill ved å slå g-bonden med tårnet.}) 25... Rc5 {Nå er det svart
som spiller passivt:} (25... Rc6 {for å bytte av hvits tårn på f6 ville vært
problemfritt for svart.}) 26. Rd1 Bc8 27. Rfd6 {Truer en "uskyldig" matt på d8,
men det er sånne trekk som er lett å overse når spillet dreier seg mer om å
true og gardere bønder. Da er ikke matt-trusler det man har i tankene.} Nc6 28.
g3 Ne5 {Gir hvit muligheten til en bitte-liten kombinasjon.} 29. Rd8+ Ke7 30.
Rxc8 Rxc8 31. Nxf5+ Kf6 32. Nxg7 Kxg7 33. Bc2 f5 34. h3 (34. Rd5 {er nok bedre:
trekket besvarer svart trussel om bondegevinst ved en springergaffel på g4 med
aktivitet og slag på f5 om svart prøver å vinne h-bonden.}) 34... h5 35. Rd6
Rc6 36. Rxc6 Nxc6 {Og så er spørsmålet: er det springeren eller løperen som er
sterkest? Hvit har jo dessuten en bonde ekstra, men som kjent(?): "Svarte
fribønder går fortest"} 37. Kc1 Ne5 38. b3 Kf6 39. Kd2 h4 40. g4 ({Overser helt
} 40. Ke3 {med god tid før tidskontrollen (nesten 2 minutter på det 40.
trekket!)}) 40... fxg4 41. Bxe4 gxh3 {Hvis det er noen som har fordel nå, så
er det svart} 42. Ke2 Kg5 43. Ke3 Ng4+ 44. Kf3 h2 $1 {En morsom felle!} 45. Ke2
{med remistilbud. Men svart bør nok prøve å spille på vinst her med 45...Kf4.
Hvits løper er dømt til et evig liv på diagonalen h1-a8, og så spørs det om
svart klarer å manøvrere sine brikker slik at springeren dekker
forvandlingsfeltet h1.} (45. Kg2 $4 h1=Q+ 46. Kxh1 Nxf2+ 47. Kh2 Nxe4 {og
svart vinner}) 1/2-1/2

[Event "Høstturneringen 2015"]
[Site "Ås, Akershus NOR"]
[Date "2015.10.01"]
[Round "4"]
[White "Olsen, Trygve"]
[Black "Moberg, Jan Rune"]
[Result "0-1"]
[WhiteElo "1296"]
[BlackElo "1512"]
[Annotator "Lea, Per"]
[PlyCount "54"]
[EventDate "2015.09.03"]

1. f4 d5 ({Selv foretrekker jeg} 1... e5 2. fxe5 d6 3. exd6 Bxd6 4. Nf3 g5 {
men det er bare i lynsjakk at hvit går inn i} 5. h3 $4 ({Etter et uskyldig
trekk som} 5. Nc3 {kan dette skje:} g4 6. Nd4 Qh4+ 7. g3 Qxg3+ 8. hxg3 Bxg3#)
5... Bg3#) 2. d4 {Ikke det vanligste - men slett ikke første gang Trygve har
benyttet seg av det. Av 2059 partier med 1. f4 d5 på Chessbase, er det bare
benyttet 16 ganger - og hvit har bare scoret 38%. Men Trygve har høyere score
enn det!} Bf5 3. e3 {- og nå har vi ingen partier i ovennevnte base. Men
silisiumboksene synes at svarts stilling allerede er en smule bedre.} Nf6 4.
Nf3 e6 5. c3 Nbd7 6. Be2 Be7 7. O-O c5 8. a4 Qc7 9. Na3 a6 10. Ne5 Be4 11. Nb1
{Når dette er det beste forslaget fra silisiumboksene også, må det være noe
galt med hvits plan.} Rc8 12. Nd2 cxd4 13. exd4 O-O 14. Nxe4 Nxe4 {Hvit har
sakte men sikkert kvittet seg med svakhetene og har minst utliknet.} 15. Qd3 (
15. Bd3 {hadde kanskje vært mer naturlig}) 15... f6 16. Nxd7 Qxd7 17. Qf3 Bd6
18. f5 (18. c4 {hadde beholdt en ørliten fordel. Etter teksttrekket får svart
et farlig sentrum.}) 18... e5 19. c4 exd4 20. cxd5 Nc5 21. Bd1 Qc7 22. h3 Nd7
23. Bd2 Ne5 24. Qb3 Kh8 25. Rc1 Qe7 26. Rxc8 Rxc8 27. Qb6 $4 ({Etter f.eks.} 
27. Be2 {har hvit løperparet og kan trygt spille videre. "There's hope in a
hanging snore" (N A Eggen)}) 27... Nc4 {Hvit taper bøttevis av materiell og
gjorde det eneste fornuftige: ga opp} 0-1

[Event "Høstturneringen 2015"]
[Site "Ås, Akershus NOR"]
[Date "2015.10.01"]
[Round "4"]
[White "Bakken, Svein-Erik"]
[Black "Simonsen, Steinar"]
[Result "1-0"]
[WhiteElo "1346"]
[BlackElo "1227"]
[PlyCount "75"]
[EventDate "2015.09.03"]

1. d4 d5 2. c4 Nf6 3. Nc3 g6 4. Bf4 Bg7 5. e3 c6 6. Nf3 Nbd7 7. cxd5 cxd5 8. h3
e6 9. Be2 O-O 10. O-O Qb6 11. Na4 Qa5 12. Rc1 b5 13. Nc3 a6 14. a3 Re8 15. Nb1
Qd8 16. Qd3 Ne4 17. Rc2 g5 18. Bh2 h5 19. Nfd2 Nxd2 20. Nxd2 h4 21. Rfc1 Nb6
22. Bc7 Qf6 23. Bxb6 e5 24. dxe5 Qxb6 25. Qxd5 Bb7 26. Qd6 Qd8 27. Qxd8 Raxd8
28. f4 f6 29. Bh5 Re7 30. exf6 Bxf6 31. fxg5 Bxg5 32. Nf1 Bxe3+ 33. Nxe3 Rxe3
34. Rc7 Re5 35. Bf7+ Kf8 36. Rxb7 Re2 37. b3 Rdd2 38. Rc8+ 1-0

[Event "Høstturneringen 2015"]
[Site "Ås, Akershus NOR"]
[Date "2015.10.01"]
[Round "4"]
[White "Sandvik, Sander"]
[Black "Samset, Jon"]
[Result "1-0"]
[WhiteElo "917"]
[BlackElo "1113"]
[PlyCount "51"]
[EventDate "2015.09.03"]

1. e4 g6 2. d4 Bg7 3. Nc3 d6 4. Be3 a5 5. Be2 a4 6. a3 Bd7 7. Nf3 Nf6 8. e5 Ng4
9. Bf4 Nc6 10. exd6 exd6 11. h3 Nf6 12. Qd2 Qe7 13. O-O h5 14. Rfe1 O-O-O 15.
Bb5 Qf8 16. Bxa4 Re8 17. d5 Ne7 18. Bxd7+ Kxd7 19. Qd3 Kc8 20. Qc4 b5 21. Nxb5
Nfxd5 22. Nxd6+ Kd7 23. Nxe8 Nxf4 24. Rad1+ Kxe8 25. Qb5+ c6 26. Qxc6# 1-0

[Event "Høstturneringen 2015"]
[Site "Ås, Akershus NOR"]
[Date "2015.10.01"]
[Round "4"]
[White "Heien, Aksel"]
[Black "Garmark, Vegard"]
[Result "1-0"]
[WhiteElo "924"]
[BlackElo "1226"]
[PlyCount "85"]
[EventDate "2015.09.03"]

1. c4 e5 2. Nc3 Nf6 3. e4 Nc6 4. Nf3 d6 5. d4 exd4 6. Nxd4 Bd7 7. Be2 Qe7 8.
Bg5 h6 9. Bxf6 gxf6 10. Nd5 Qd8 11. Bf3 Bg7 12. b4 Rg8 13. b5 Nxd4 14. Qxd4 f5
15. e5 Bxe5 16. Qe3 c6 17. Nc3 f4 18. Qe2 Qe7 19. Rc1 Rg5 20. Ne4 Rg6 21. Rd1
f5 22. Bh5 O-O-O 23. Bxg6 fxe4 24. Bxe4 Bc3+ 25. Kf1 Re8 26. f3 a6 27. bxa6
bxa6 28. Qd3 Bb4 29. c5 Bxc5 30. Qxa6+ Kd8 31. Rb1 Qh4 32. Rb8+ Ke7 33. Rxe8+
Bxe8 34. Qe2 Kd7 35. Bxc6+ Kxc6 36. Qxe8+ Kb6 37. Qe2 Bb4 38. Qf2+ Qxf2+ 39.
Kxf2 d5 40. Rb1 Kc5 41. Ke2 d4 42. Kd3 Kd5 43. Rxb4 1-0

[Event "Høstturneringen 2015"]
[Site "Ås, Akershus NOR"]
[Date "2015.10.05"]
[Round "4"]
[White "Moholt, Knut Erik"]
[Black "Rønbeck, Bjørn"]
[Result "1-0"]
[WhiteElo "1413"]
[BlackElo "1148"]
[PlyCount "111"]
[EventDate "2015.09.03"]

1. e4 e5 2. Nf3 Nc6 3. Bc4 h6 4. c3 Nf6 5. d3 d6 6. b4 a6 7. Qb3 Qe7 8. a4 Nd8
9. Nbd2 Be6 10. d4 exd4 11. cxd4 Bxc4 12. Qxc4 Nxe4 13. O-O Qd7 14. Nxe4 d5 15.
Qd3 dxe4 16. Qxe4+ Be7 17. Re1 Qe6 18. Qc2 Qc6 19. Qb3 Qf6 20. Bb2 O-O 21. Ne5
Qd6 22. Bc3 Ne6 23. d5 Ng5 24. Rad1 Rfe8 25. Re3 Bf6 26. Nc4 Qf4 27. Bxf6 Qxf6
28. h4 Ne4 29. Rf3 Qxh4 30. d6 cxd6 31. Rxf7 d5 (31... Kxf7 $4 32. Ne5+ Kf6 33.
Qf7+ Kg5 34. Qg6+ Kf4 35. Nd3#) 32. Rxd5 Nd6 $11 (32... Ng5 $19) 33. Rxg7+ Kxg7
34. Ne3 (34. Qc3+ Qf6 35. Qg3+ Kh7 36. Rxd6) 34... Qf6 35. Qd1 Rad8 36. Ng4 Qe6
(36... Qc3) 37. Qa1+ Kf8 38. Qh8+ Ke7 39. Qg7+ Nf7 40. Re5 Rd1+ 41. Kh2 Rd6 42.
Qf6+ (42. f4) 42... Kd7 (42... Kf8) 43. Rxe6 Rdxe6 44. Qxf7+ R8e7 45. Qf5 Kc8
46. Qc5+ Kb8 47. Ne3 Re5 48. Qd6+ Ka8 49. g3 R7e6 50. Qd8+ Ka7 51. Nc4 Re2 52.
Kh3 Re8 53. Qb6+ Ka8 54. Nd6 R8e7 55. Qd8+ Ka7 56. Nc8+ 1-0

[Event "Høstturneringen 2015"]
[Site "Ås, Akershus NOR"]
[Date "2015.10.22"]
[Round "4"]
[White "Brenden, Torbjørn"]
[Black "Aalmo, Alexander"]
[Result "1-0"]
[WhiteElo "1414"]
[BlackElo "1197"]
[Annotator "Brenden,Torbjørn"]
[PlyCount "89"]
[EventDate "2015.09.03"]

1. c4 Nf6 2. Nc3 c6 {Dermed røyk hvit sine forberedelser i Engelsk og partiet
transponerer over til en Karo-Cann-dronninggambit lignende åpning.} 3. d4 d5 4.
e3 Bg4 5. Nf3 e6 6. a3 $2 {Vanlig her er h3 eller Bd3 som gir hvit en moderat
fordel.} Ne4 $2 {Sterkere å spille Nd7 først} 7. Be2 $2 {cxd eller Ld3 er
korrekt.} Nd7 8. O-O Bxf3 9. Bxf3 Nxc3 10. bxc3 dxc4 {Svart har vunnet en
bonde. Men Fritz vurderer hvit stilling sin best etter Qe2} 11. e4 (11. Qe2 Nb6
12. e4 Be7 13. a4 a5 14. Rb1 {[%eval 36,0]}) 11... Qa5 12. d5 $5 {Hvit ligger
under materielt, men foran i utvikling og satser på å sprenge sentrum for å
kompensere.} cxd5 $4 {Ne5 gir svart fordel} (12... Ne5 13. dxe6 fxe6 {[%eval
-87,0]}) 13. exd5 Ne5 $2 {Her er 0-0-0 best for svart.} (13... O-O-O 14. Qd4
Nb6 15. Qf4 Rd7 16. dxe6 fxe6 $11) 14. dxe6 Rd8 15. exf7+ Kxf7 {[%eval 82,0]
Gir hvit valget om han ønsker å tape nok en bonde med Dxc3 eller en
dobbeltbonde på f3. Hvit velger å sikre kongestillingen} 16. Qe2 Qxc3 17. Be3
$4 {[%eval 582,0] Overser denne vinnende kombinasjonen} (17. Bh5+ g6 18. Bb2
Qa5 19. Bxe5 Bg7 20. Qxc4+ $18) 17... Bxa3 18. Bxb7 Rd7 {Stillingen er
kompleks Best her var følgende...} 19. Rab1 (19. Rad1 Rxb7 (19... Rhd8 20. Qh5+
Kg8 21. Rxd7 Nxd7 22. Qd5+ Kh8 23. Bd4 Qd3 24. Bxa7 $19) 20. Bd4 Nf3+ 21. gxf3
Qb4 $14) 19... g6 20. Bxa7 {Hvit tar tilbake bonden, men svarts angrep ser
sterkt ut.} Re8 21. Rfd1 Nd3 {[%eval 33,0] Komplisert! Hvit tenkte i over 10
minutter. Svart truer med mattangrep med å doble tårnene på e-raden. Dessuten
er Re8e7 farlig for Løper på b7.} 22. Qf3+ {Fritz sier Be3 er bedre, men hvit
frykter ...Bc5} (22. Be3 Bc5 23. Qf3+ Qf6 24. Bd5+ Kg7 25. Bh6+ Kxh6 26. Qxf6
Rxd5 {[%eval 241,0]}) 22... Kg7 23. Qg4 Ree7 24. Be3 {Svart kan ikke slå på b7
pga..} Bb2 (24... Rxb7 25. Bd4+ Qxd4 26. Qxd4+ $18) 25. Bc6 {Tilsynelatende et
svakt trekk av hvit, men Fritz mener noe annet+0.60} Ne5 26. Qe4 $2 {Overser
kombinasjon som gir moderat fordel.} (26. Bh6+ Kxh6 27. Qh4+ Kg7 28. Rxd7 Rxd7
29. Bxd7 Qd3 30. Qe7+ Nf7 31. Re1 Bf6 {[%eval 113,0]}) 26... Rxd1+ {Svart
velger å forenkle og satse på å dytte c-bonden i mål} 27. Rxd1 Nxc6 28. Qxc6
Qc2 29. Qd6 Qe4 30. h3 {[%eval 0,0] gir hvit litt luft. Stillingen er helt
jevn.} c3 $4 {Svart sitt problem er kongens utrygge stilling og at han kun har
4 minutter igjen på klokka. Svart burde prøvd å bytte dronninger og fått med
kongen i forsvaret av c-bonden.} 31. Bd4+ Kf7 $4 {Tapstrekket. Svart kunne
kjempet videre med Kg8.} (31... Kg8 32. Qd8+ Kf7 33. Rf1 $14) 32. Qf6+ $3 {Nå
følger en forsert sekvens som fører til at svart mister løper og bonde} Ke8 33.
Qh8+ Kf7 34. Qg7+ Ke8 35. Qg8+ Kd7 36. Bxc3+ Kc7 37. Qd8+ Kb7 38. Bxb2 Qb4 39.
Qd5+ Kc8 40. Be5 Qa3 41. Qg8+ $2 {Svakt, men det spiller ingen rolle. Svart er
uansett fortapt.} (41. Qc6+ Rc7 42. Qxc7#) 41... Kb7 42. Qb8+ Kc6 43. Qc8+ Kb5
44. Rb1+ Ka4 45. Qa6# {Et uhyre jevnt og komplisert parti som ble avgjort i
tidsnød. Svart kom bra ut av åpningen, men fikk en svak kongestillingen som
ble avgjørende i sluttspillet.} 1-0

[Event "Høstturneringen 2015"]
[Site "Ås, Akershus NOR"]
[Date "2015.10.22"]
[Round "4"]
[White "Fuglseth, Jan"]
[Black "Kielland-Lund, Jon"]
[Result "1/2-1/2"]
[WhiteElo "1479"]
[BlackElo "1551"]
[Annotator "Jan Fuglseth"]
[PlyCount "58"]
[EventDate "2015.09.03"]

1. c4 e5 2. Nc3 Nf6 3. Nf3 Nc6 4. g3 d5 5. cxd5 Nxd5 6. Bg2 Nb6 7. O-O Be7 8.
e3 {Teoretisk nyhet! a3 eller d3 er vanlig.} O-O 9. d4 exd4 10. Nxd4 Nxd4 11.
exd4 c6 {Stillingen er lik} 12. Qd3 $6 {d5 var bedre} Be6 13. b3 $17 Bf6 14.
Be3 Nd5 15. Rad1 {Vurderte Se4, men liker ikke at springeren kan bli stående.}
Nxc3 16. Qxc3 Bd5 {Hvit hadde så smått begynt å se på h4 eller f4 for å
angripe, men dette trekket tok luven av ideene.} 17. Bxd5 $15 Qxd5 18. Qb4 Qd7
19. Rd2 Rfd8 20. Rfd1 Be7 21. Qc4 {Det begynner å bli remisaktig} Qd5 22. Qe2
Qe6 23. Qd3 $6 Rd5 24. Re2 Qd7 25. Qc4 Bf6 26. Red2 Rd8 {Sort står best men
det er vanskelig å finne veien gjennom hvits forsvar.} 27. Qa4 a6 28. Qb4 Be7
29. Qc4 Bf6 $11 {Remis} 1/2-1/2

[Event "Høstturneringen 2015"]
[Site "Ås, Akershus NOR"]
[Date "2015.10.22"]
[Round "4"]
[White "Alnes, Tord"]
[Black "Andersen, Odd"]
[Result "0-1"]
[WhiteElo "1059"]
[BlackElo "1633"]
[PlyCount "92"]
[EventDate "2015.09.03"]

1. d4 d5 2. c4 c6 3. Nc3 Nf6 4. Bg5 e6 5. cxd5 exd5 6. e3 Be7 7. Bd3 Nbd7 8.
Qc2 Nf8 9. Nge2 Bg4 10. f3 Bh5 11. Nf4 Bg6 12. Nxg6 Nxg6 13. O-O-O b5 14. Bxf6
Bxf6 15. b4 a5 16. a3 axb4 17. axb4 Qe7 18. Nxd5 Qd6 19. Nxf6+ Qxf6 20. Qc5 Ne7
21. Qc2 Qe6 22. Qb1 g6 23. Kd2 O-O 24. Bc2 Ra3 25. e4 Qc4 26. Kc1 Rfa8 27. Qb2
Rc3 28. Rd2 Ra2 29. Qb1 Rca3 30. Rd3 Rxc2+ 31. Qxc2 Rxd3 32. Qxc4 bxc4 33. Kc2
Rb3 34. Ra1 Kg7 35. Ra7 Kf6 36. Rb7 g5 37. g4 Rxf3 38. e5+ Ke6 39. Rb8 Nd5 40.
Re8+ Kd7 41. Rb8 Rf2+ 42. Kb1 c3 43. Rb7+ Kc8 44. Ra7 c2+ 45. Kc1 Nxb4 46. Ra8+
Kb7 0-1

[Event "Høstturneringen 2015"]
[Site "Ås, Akershus NOR"]
[Date "2015.10.22"]
[Round "4"]
[White "Naasen, Nils"]
[Black "Thowsen, Alf Geir"]
[Result "1-0"]
[WhiteElo "1314"]
[BlackElo "1205"]
[Annotator "Lea, Per"]
[PlyCount "53"]
[EventDate "2015.09.03"]

1. e4 e6 2. c4 c5 3. Nc3 Nc6 4. Nf3 a6 5. Be2 Qc7 6. d4 cxd4 7. Nxd4 e5 8. Nf3
Bb4 9. Bd2 Nf6 10. Bd3 O-O 11. O-O d6 12. Nd5 Nxd5 13. exd5 Bxd2 14. Qxd2 Ne7
15. Rac1 f5 16. Bb1 b6 17. Rfd1 Rf6 18. b4 Bb7 19. Nxe5 $2 Rd8 $2 (19... dxe5
20. d6 $2 Qc6 21. f3 Rd8 $19) 20. Nf3 Qd7 21. Nd4 b5 22. Ne6 Rc8 23. cxb5 Rxc1
24. Rxc1 axb5 25. Rc7 Qe8 26. Rxb7 Qa8 27. Rxe7 1-0

[Event "Høstturneringen 2015"]
[Site "Ås, Akershus NOR"]
[Date "2015.10.08"]
[Round "5"]
[White "Støle, Andreas"]
[Black "Moberg, Jan Rune"]
[Result "1-0"]
[WhiteElo "1555"]
[BlackElo "1512"]
[Annotator "Støle, Andreas"]
[PlyCount "59"]
[EventDate "2015.09.03"]

1. e4 e5 2. f4 exf4 3. Bc4 {Bishop's gambit} c6 4. Nc3 Nf6 5. e5 $2 (5. d4) (5.
Bb3) 5... d5 $1 6. exf6 dxc4 7. Qe2+ {Binds black's bishop} Be6 8. Nf3 (8. fxg7
Qh4+ 9. g3 fxg3 10. gxh8=Q g2+ 11. Qf2 gxh1=Q) 8... Qxf6 {Black is two pawns
up, can white's development and initiative give compensation for it?} 9. Ne4 {
The knight controls c5, and denies the black bishop to develop with a tempo
after white castles} (9. O-O Bc5+ 10. Kh1 O-O) 9... Qd8 10. O-O Be7 11. d3 {
opens for the bishop} cxd3 12. cxd3 O-O 13. Bxf4 {White's plan is clear,
attack on the kingside, he has connected rooks and his king is in safety.} Bd5
14. Rae1 Bb4 15. Nfd2 (15. Nc3) 15... Bxa2 16. Ng5 h6 17. Nge4 Bd5 18. Bxh6 f5
(18... gxh6 19. Nf6+ Kh8 20. Qe3) 19. Bxg7 (19. Bg5) 19... Kxg7 20. Ng3 {[%csl
Ya8,Yb8] Black is up with a minor piece, but his King is exposed for an attack,
he cant afford any mistakes. Black's queenside knight and rook is still not in
play!} Qg5 21. Nh5+ Kg6 $2 (21... Kh8) 22. Nf4+ Kh6 23. Nxd5 {Removing a
defender} Qxd2 $2 (23... cxd5 24. Rf3 Bxd2 25. Rh3+ Kg6 26. Rg3 Qxg3 27. hxg3
Bxe1 28. Qe6+) 24. Qe6+ Kg7 25. Qe5+ Kh7 26. Nxb4 Qxb4 27. Rf3 {Swinging a rook
} (27. Rxf5 Qxe1+ 28. Qxe1 Rxf5 29. Qe4 Kg6 30. g4 $1 $18) 27... Rf6 (27... Nd7
{Too little, to late} 28. Rh3+ Kg6 29. Rg3+ Kh5 30. Qe2+ Kh6 31. Qe3+ Kh7 32.
Rh3+ Kg6 33. Rh6+ Kg7 34. Qg5+ Kf7 35. Rh7#) 28. Rh3+ {Game over} Kg7 29. Rg3+
Kf7 30. Qe8# 1-0

[Event "Høstturneringen 2015"]
[Site "Ås, Akershus NOR"]
[Date "2015.10.08"]
[Round "5"]
[White "Kielland-Lund, Jon"]
[Black "Bakken, Svein-Erik"]
[Result "1-0"]
[WhiteElo "1551"]
[BlackElo "1346"]
[PlyCount "65"]
[EventDate "2015.09.03"]

1. c4 c5 2. Nf3 Nc6 3. Nc3 e6 4. d4 cxd4 5. Nxd4 a6 6. e4 Qc7 7. a3 Nf6 8. Be2
Be7 9. Be3 O-O 10. Rc1 Qd8 11. f4 d6 12. O-O Bd7 13. b4 h6 14. Nxc6 Bxc6 15.
Bf3 Rc8 16. Qe2 Qe8 17. Rfd1 b5 18. cxb5 Bxb5 19. Nxb5 Rxc1 20. Rxc1 axb5 21.
Qd3 Qb8 22. Rc6 Rd8 23. Rb6 Qc7 24. Rxb5 Rc8 25. Ra5 Qc3 26. Qxc3 Rxc3 27. Kf2
g6 28. Ke2 Rb3 29. Ra8+ Kg7 30. Bd4 d5 31. exd5 exd5 32. Bxd5 g5 33. Bxb3 1-0

[Event "Høstturneringen 2015"]
[Site "Ås, Akershus NOR"]
[Date "2015.10.08"]
[Round "5"]
[White "Andersen, Odd"]
[Black "Sandvik, Sander"]
[Result "1-0"]
[WhiteElo "1633"]
[BlackElo "917"]
[PlyCount "43"]
[EventDate "2015.09.03"]

1. d4 Nf6 2. c4 e6 3. Nf3 c5 4. d5 exd5 5. cxd5 d6 6. Nc3 g6 7. e4 Bg7 8. Bd3
O-O 9. O-O Re8 10. h3 Na6 11. Bf4 Nc7 12. Qd2 c4 13. Bc2 b5 14. Rfe1 Rb8 15.
Nd4 b4 16. Nd1 Nfxd5 17. Nc6 c3 18. bxc3 bxc3 19. Qc1 Qf6 20. Bg5 Qe6 21. Nxb8
Qe5 22. Nc6 1-0